[Event "11th Asia-ch - Manny Pacquiao Cup"]
[Site "Manila PHI"]
[Date "2013.05.24"]
[Round "7"]
[White "Nazario, Marc Christian"]
[Black "Sarangani, Usman"]
[Result "1-0"]
[WhiteElo "2023"]
[BlackElo "1932"]
[EventDate "2013.05.18"]
[PlyCount "57"]

1.e4 c5 2.Nf3 e6 3.b4 b6 4.b5 Bb7 5.d3 d6 6.Bb2 Nf6 7.Nbd2 Be7 8.h3 Qc7 9.
g3 Nbd7 10.Bg2 Rc8 11.O-O O-O 12.Re1 Rfd8 13.a4 Nf8 14.a5 Ng6 15.axb6 axb6
16.Qe2 Ra8 17.Nc4 Rxa1 18.Rxa1 d5 19.exd5 Nxd5 20.h4 h5 21.Ne1 Bxh4 22.
gxh4 Ndf4 23.Qe3 Nxg2 24.Nxg2 Bxg2 25.Kxg2 Nxh4+ 26.Kf1 Nf5 27.Qe5 Qb7 28.
Qe4 Qb8 29.Be5 1-0

[Event "11th Asia-ch - Manny Pacquiao Cup"]
[Site "Manila PHI"]
[Date "2013.05.24"]
[Round "7"]
[White "Manuel Enofre, Efren"]
[Black "Pagente, Adelardo"]
[Result "1-0"]
[WhiteElo "1974"]
[BlackElo "1906"]
[EventDate "2013.05.18"]
[PlyCount "119"]

1.e4 d5 2.exd5 Qxd5 3.Nc3 Qd6 4.Nf3 Nf6 5.d4 g6 6.Bg5 Bg7 7.Qd2 O-O 8.
O-O-O c6 9.Bf4 Qd8 10.Bd3 Nd5 11.Nxd5 cxd5 12.h4 Nc6 13.c3 h5 14.Rde1 Bg4 
15.Nh2 Bd7 16.f3 Rc8 17.Kb1 e5 18.dxe5 Be6 19.g4 Qa5 20.b3 d4 21.cxd4 Qxd2
22.Bxd2 Nxd4 23.gxh5 gxh5 24.Rhg1 Bf5 25.Bxf5 Nxf5 26.Rg5 Nxh4 27.Reg1 Ng6
28.e6 Rc6 29.exf7+ Kxf7 30.Rxh5 Rh8 31.Rf5+ Rf6 32.Rxf6+ Bxf6 33.Ng4 Bd4 
34.Re1 Bg7 35.Rc1 Re8 36.Rc7+ Re7 37.Rxe7+ Kxe7 38.Kc2 Ke6 39.Kd3 Ne7 40.
Ke4 Nf5 41.Bf4 Ne7 42.Ne3 Nc6 43.Bg3 Bf8 44.f4 Nb4 45.a4 Na2 46.f5+ Kd7 
47.Nd5 Nc1 48.b4 Na2 49.Be1 a6 50.Bd2 Kc6 51.Ke5 b6 52.Ke6 a5 53.b5+ Kc5 
54.Be3+ Kc4 55.Nxb6+ Kd3 56.Bf4 Kd4 57.Bd2 Nb4 58.Nd7 Bg7 59.f6 Bxf6 60.
Nxf6 1-0

[Event "11th Asia-ch - Manny Pacquiao Cup"]
[Site "Manila PHI"]
[Date "2013.05.25"]
[Round "8"]
[White "Sasikiran, Krishnan"]
[Black "Paragua, Mark"]
[Result "1/2-1/2"]
[WhiteElo "2669"]
[BlackElo "2550"]
[EventDate "2013.05.18"]
[PlyCount "93"]

1.d4 Nf6 2.c4 g6 3.Nf3 Bg7 4.g3 O-O 5.Bg2 c6 6.O-O d5 7.Qb3 b6 8.Bf4 Bb7 
9.Nc3 dxc4 10.Qxc4 Nd5 11.Be5 Bh6 12.Rfe1 Nd7 13.e4 Nxc3 14.bxc3 Qc8 15.
Rad1 Nxe5 16.Nxe5 Bg7 17.f4 e6 18.Bh3 Qc7 19.f5 Kh8 20.Ng4 exf5 21.exf5 
gxf5 22.Ne3 f4 23.Nf5 Qd8 24.Re7 Bc8 25.Rde1 Bxf5 26.Bxf5 fxg3 27.Qxc6 
gxh2+ 28.Kh1 b5 29.Qxb5 Qb6 30.Qd3 h6 31.Qh3 Qd6 32.Qxh2 Qxh2+ 33.Kxh2 a5 
34.Rc7 Bf6 35.Rc6 Bg5 36.d5 Rad8 37.a4 Rg8 38.Rf1 Rge8 39.Rc7 Re7 40.Rxe7 
Bxe7 41.Kh3 h5 42.Rb1 Kg7 43.Rb6 Rd6 44.Rb7 Kf8 45.Rb8+ Kg7 46.Rb7 Kf8 47.
Rb8+ 1/2-1/2

[Event "11th Asia-ch - Manny Pacquiao Cup"]
[Site "Manila PHI"]
[Date "2013.05.25"]
[Round "8"]
[White "Le Quang Liem"]
[Black "Sadorra, Julio Catalino"]
[Result "1-0"]
[WhiteElo "2714"]
[BlackElo "2561"]
[EventDate "2013.05.18"]
[PlyCount "63"]

1.c4 Nf6 2.g3 e6 3.Bg2 d5 4.Nf3 Be7 5.d4 O-O 6.O-O dxc4 7.Qc2 b5 8.a4 b4 
9.Nfd2 c6 10.Nxc4 Qxd4 11.Rd1 Qc5 12.Nbd2 Ba6 13.b3 Qh5 14.Bb2 Nd5 15.Bf3 
Qg6 16.e4 Nd7 17.Rac1 N5f6 18.Na5 Bc5 19.Ndc4 Rfc8 20.Kg2 Bxc4 21.Qxc4 e5 
22.Qa6 Bf8 23.Rxc6 Nc5 24.Rxc8 Nxa6 25.Rxa8 Nc7 26.Rxa7 Nfe8 27.Nc4 Qc6 
28.Bxe5 Bc5 29.Rxc7 Nxc7 30.Rd8+ Ne8 31.Bd6 Bb6 32.Nxb6 1-0

[Event "11th Asia-ch - Manny Pacquiao Cup"]
[Site "Manila PHI"]
[Date "2013.05.25"]
[Round "8"]
[White "Nguyen Ngoc Truong Son"]
[Black "Adhiban, Baskaran"]
[Result "1/2-1/2"]
[WhiteElo "2631"]
[BlackElo "2556"]
[EventDate "2013.05.18"]
[PlyCount "78"]

1.d4 Nf6 2.c4 e6 3.Nc3 Bb4 4.e3 O-O 5.Ne2 d5 6.a3 Bd6 7.Ng3 c5 8.dxc5 Bxc5
9.cxd5 exd5 10.Bd3 d4 11.Nce4 Nxe4 12.Bxe4 dxe3 13.Bxe3 Bxe3 14.fxe3 Nd7 
15.O-O Nf6 16.Qxd8 Rxd8 17.Rfd1 Re8 18.Bf3 Be6 19.Rac1 Re7 20.h3 g6 21.Rd4
Rae8 22.Ne4 Nxe4 23.Rxe4 Kf8 24.Kf2 Rc8 25.Rxc8+ Bxc8 26.Rc4 Be6 27.Rc3 
Rd7 28.Ke1 Ke7 29.b4 Kd6 30.h4 h6 31.Rd3+ Ke7 32.Kd2 b6 33.Rxd7+ Bxd7 34.
Kd3 Kd6 35.Kd4 f6 36.g3 Be8 37.Bd5 g5 38.e4 Bd7 39.Bc4 Be8 1/2-1/2

[Event "11th Asia-ch - Manny Pacquiao Cup"]
[Site "Manila PHI"]
[Date "2013.05.25"]
[Round "8"]
[White "Arun Prasad, Subramanian"]
[Black "Barbosa, Oliver"]
[Result "0-1"]
[WhiteElo "2521"]
[BlackElo "2566"]
[EventDate "2013.05.18"]
[PlyCount "70"]

1.c4 c6 2.Nf3 d5 3.e3 Nf6 4.Nc3 g6 5.d4 Bg7 6.Be2 O-O 7.O-O dxc4 8.Bxc4 b5
9.Bd3 Bb7 10.a4 b4 11.Ne4 Nxe4 12.Bxe4 a5 13.b3 Nd7 14.Bb2 Rc8 15.Qe2 Qb6 
16.Nd2 Ba6 17.Nc4 Bxc4 18.Qxc4 c5 19.Qb5 Qa7 20.Rfd1 cxd4 21.Bxd4 Nc5 22.
Bd5 e6 23.Bc4 Bxd4 24.Rxd4 Qc7 25.Bf1 Nxb3 26.Rc4 Qxc4 27.Bxc4 Nxa1 28.h4 
b3 29.Bxb3 Rb8 30.Qxa5 Nxb3 31.Qe5 h5 32.g4 hxg4 33.h5 Nd2 34.Kg2 Nf3 35.
Qf6 gxh5 0-1

[Event "11th Asia-ch - Manny Pacquiao Cup"]
[Site "Manila PHI"]
[Date "2013.05.25"]
[Round "8"]
[White "Ghaem Maghami, Ehsan"]
[Black "Laylo, Darwin"]
[Result "1/2-1/2"]
[WhiteElo "2568"]
[BlackElo "2504"]
[EventDate "2013.05.18"]
[PlyCount "106"]

1.e4 c6 2.Nc3 d5 3.Nf3 Bg4 4.h3 Bxf3 5.Qxf3 Nf6 6.d3 e6 7.g3 Nbd7 8.Bg2 
Bb4 9.O-O O-O 10.Qe2 Bxc3 11.bxc3 dxe4 12.dxe4 Qa5 13.Qc4 Nb6 14.Qb3 Nfd7 
15.Rd1 Rfd8 16.Bf4 Nc5 17.Qb4 Qxb4 18.cxb4 Nca4 19.Rd3 Nb2 20.Rb3 N2c4 21.
Re1 e5 22.Bc1 Rd4 23.Rd3 Rad8 24.Bf1 Na4 25.f4 b5 26.Kf2 f6 27.Kf3 R8d6 
28.h4 h6 29.h5 Kf7 30.Be2 a6 31.Bf1 Nab2 32.Rxd4 Rxd4 33.Be2 Ke7 34.a3 Kd8
35.Bxb2 Nxb2 36.Ke3 Ke7 37.Rf1 Nc4+ 38.Bxc4 Rxc4 39.Kd3 Rd4+ 40.Ke3 Rc4 
41.Kd3 f5 42.exf5 Kf6 43.Re1 exf4 44.gxf4 Kxf5 45.Rg1 Kf6 46.Rg6+ Kf7 47.
f5 c5 48.Rxa6 cxb4 49.axb4 Rxb4 50.Rb6 Rb1 51.c3 Rd1+ 52.Ke4 Rb1 53.Kd4 
Rb3 1/2-1/2

[Event "11th Asia-ch - Manny Pacquiao Cup"]
[Site "Manila PHI"]
[Date "2013.05.25"]
[Round "8"]
[White "Santosh Gujrathi, Vidit"]
[Black "Wang Chen"]
[Result "1/2-1/2"]
[WhiteElo "2549"]
[BlackElo "2498"]
[EventDate "2013.05.18"]
[PlyCount "42"]

1.d4 d5 2.c4 e6 3.Nf3 Nf6 4.g3 g6 5.Bg2 Bg7 6.O-O O-O 7.Nc3 Nc6 8.b3 Ne4 
9.Bb2 Nxc3 10.Bxc3 a5 11.Qc2 b6 12.Rfd1 Bb7 13.Rac1 Qe7 14.Qb2 Rfd8 15.e3 
Qe8 16.Ne5 Ne7 17.Nd3 Rab8 18.c5 Ba6 19.Be1 Nc6 20.Bf1 Rdc8 21.Rc2 Bf8 
1/2-1/2

[Event "11th Asia-ch - Manny Pacquiao Cup"]
[Site "Manila PHI"]
[Date "2013.05.25"]
[Round "8"]
[White "Djao Thien Hai"]
[Black "Megaranto, Susanto"]
[Result "1/2-1/2"]
[WhiteElo "2506"]
[BlackElo "2531"]
[EventDate "2013.05.18"]
[PlyCount "60"]

1.d4 d5 2.c4 c6 3.Nc3 Nf6 4.cxd5 cxd5 5.Bf4 Nc6 6.e3 a6 7.Bd3 Bg4 8.Nge2 
Bxe2 9.Qxe2 e6 10.O-O h6 11.Rfc1 Bd6 12.Bxd6 Qxd6 13.h3 O-O 14.Qd2 Rfc8 
15.Na4 Nd7 16.a3 Ne7 17.Rxc8+ Rxc8 18.Rc1 Rxc1+ 19.Qxc1 Qc6 20.Qxc6 Nxc6 
21.Kf1 Kf8 22.Ke2 Ke7 23.Kd2 Kd6 24.Nc3 g5 25.Ne2 f6 26.Kc3 Nb6 27.b3 Nd7 
28.Bc2 Na7 29.Bd3 Nc6 30.Kc2 Ncb8 1/2-1/2

[Event "11th Asia-ch - Manny Pacquiao Cup"]
[Site "Manila PHI"]
[Date "2013.05.25"]
[Round "8"]
[White "Gomez, John Paul"]
[Black "Das, Debashis"]
[Result "1-0"]
[WhiteElo "2511"]
[BlackElo "2488"]
[EventDate "2013.05.18"]
[PlyCount "98"]

1.d4 Nf6 2.c4 e6 3.Nf3 d5 4.Nc3 Bb4 5.e3 O-O 6.Bd3 c5 7.O-O dxc4 8.Bxc4 
Nbd7 9.Ne2 cxd4 10.a3 Bd6 11.Nexd4 Nb6 12.Be2 Bd7 13.Bd2 Rc8 14.Nb5 Bxb5 
15.Bxb5 Nc4 16.Bxc4 Rxc4 17.Qb3 Qc7 18.Rac1 Rxc1 19.Rxc1 Qb8 20.Qc2 h6 21.
g3 Re8 22.e4 Ng4 23.Kg2 Ne5 24.Nxe5 Bxe5 25.Be3 Bd6 26.b4 Rd8 27.Qc4 Be5 
28.a4 a6 29.b5 axb5 30.Qxb5 Bd4 31.Bxd4 Rxd4 32.a5 Rd6 33.Rc5 Ra6 34.Qd7 
Ra8 35.h4 Qa7 36.Rb5 Rb8 37.Qc7 Rf8 38.Rxb7 Qd4 39.Rb8 Qxe4+ 40.Kh2 Rxb8 
41.Qxb8+ Kh7 42.a6 Qd4 43.Qb1+ g6 44.Qa2 Qa7 45.Kg1 e5 46.h5 e4 47.hxg6+ 
Kxg6 48.Qc4 f5 49.Kg2 Qa8 1-0

[Event "11th Asia-ch - Manny Pacquiao Cup"]
[Site "Manila PHI"]
[Date "2013.05.25"]
[Round "8"]
[White "Kuderinov, Kirill"]
[Black "Batchuluun, Cegmed"]
[Result "0-1"]
[WhiteElo "2442"]
[BlackElo "2507"]
[EventDate "2013.05.18"]
[PlyCount "68"]

1.d4 Nf6 2.c4 e6 3.Nf3 d5 4.Nc3 Be7 5.Bf4 O-O 6.e3 Nbd7 7.a3 c5 8.Rc1 cxd4
9.exd4 dxc4 10.Bxc4 Nb6 11.Bd3 Nbd5 12.Bd2 Nxc3 13.Bxc3 b6 14.O-O Bb7 15.
Ne5 Rc8 16.Re1 Qd5 17.f3 Rc7 18.Kh1 Rfc8 19.Qd2 Qd8 20.Bb1 Nd5 21.Qd3 g6 
22.Bd2 Rxc1 23.Rxc1 Rxc1+ 24.Bxc1 Bg5 25.Qc4 Ne3 26.Qc3 Nd5 27.Qc4 Bf4 28.
Bxf4 Nxf4 29.Be4 Bd5 30.Qa4 b5 31.Qb4 Ne2 32.Nc6 Qh4 33.Bd3 Nf4 34.g3 Qh3 
0-1

[Event "11th Asia-ch - Manny Pacquiao Cup"]
[Site "Manila PHI"]
[Date "2013.05.25"]
[Round "8"]
[White "Lalith Babu, Musunuri Rohit"]
[Black "Nezad, Husein Aziz"]
[Result "1-0"]
[WhiteElo "2572"]
[BlackElo "2410"]
[EventDate "2013.05.18"]
[PlyCount "79"]

1.d4 d5 2.c4 c6 3.Nf3 Nf6 4.Qb3 dxc4 5.Qxc4 Bf5 6.g3 e6 7.Bg2 Nbd7 8.Nc3 
Be7 9.O-O O-O 10.Re1 Ne4 11.Qb3 Qb6 12.Nh4 Bxh4 13.gxh4 Ndf6 14.f3 Nxc3 
15.bxc3 Qc7 16.e4 Bg6 17.Rb1 b6 18.Be3 Nh5 19.Qc4 Nf4 20.Rb2 Rae8 21.Bc1 
Bh5 22.Rb5 c5 23.dxc5 f5 24.c6 Nxg2 25.Kxg2 Bxf3+ 26.Kxf3 Qxh2 27.Bf4 Qxh4
28.Rf1 fxe4+ 29.Kxe4 a6 30.Re5 b5 31.Qe2 Rf5 32.Ke3 g5 33.Bh2 Ref8 34.
Rfxf5 exf5 35.c7 Qh6 36.Kd2 Qd6+ 37.Kc2 Qg6 38.Re6 Qf7 39.Bd6 Rc8 40.Qe5 
1-0

[Event "11th Asia-ch - Manny Pacquiao Cup"]
[Site "Manila PHI"]
[Date "2013.05.25"]
[Round "8"]
[White "Murshed, Niaz"]
[Black "Gundavaa, Bayarsaihan"]
[Result "1/2-1/2"]
[WhiteElo "2480"]
[BlackElo "2528"]
[EventDate "2013.05.18"]
[PlyCount "56"]

1.d4 Nf6 2.c4 g6 3.Nc3 Bg7 4.e4 d6 5.Be2 O-O 6.Bg5 Na6 7.Qd2 e5 8.d5 Nc5 
9.f3 a5 10.g4 c6 11.Nh3 cxd5 12.cxd5 Bd7 13.Nf2 a4 14.Nd3 Nxd3+ 15.Bxd3 
Rb8 16.O-O b5 17.b4 Qb6+ 18.Kh1 Rfc8 19.Be3 Qb7 20.Rac1 Ne8 21.a3 Bf6 22.
Qe2 Nc7 23.Rc2 Kg7 24.Rfc1 Ne8 25.Kg2 Rc7 26.Nd1 Rxc2 27.Rxc2 Bd8 28.Kh1 
Nf6 1/2-1/2

[Event "11th Asia-ch - Manny Pacquiao Cup"]
[Site "Manila PHI"]
[Date "2013.05.25"]
[Round "8"]
[White "Nava, Roderick"]
[Black "Gopal, Geetha Narayanan"]
[Result "1/2-1/2"]
[WhiteElo "2362"]
[BlackElo "2526"]
[EventDate "2013.05.18"]
[PlyCount "47"]

1.d4 Nf6 2.c4 g6 3.Nc3 d5 4.Nf3 Bg7 5.Qb3 dxc4 6.Qxc4 O-O 7.e4 a6 8.e5 b5 
9.Qb3 Nfd7 10.Ng5 Nc6 11.Ne6 fxe6 12.Qxe6+ Kh8 13.Qxc6 Rb8 14.Be3 Bb7 15.
Qe6 c5 16.Rd1 Qc7 17.f4 cxd4 18.Rxd4 Nc5 19.Qh3 Rbd8 20.Rxd8 Rxd8 21.Be2 
Nd3+ 22.Bxd3 Rxd3 23.Kf2 Qd7 24.Rc1 1/2-1/2

[Event "11th Asia-ch - Manny Pacquiao Cup"]
[Site "Manila PHI"]
[Date "2013.05.25"]
[Round "8"]
[White "Wan Yunguo"]
[Black "Bitoon, Richard"]
[Result "1-0"]
[WhiteElo "2509"]
[BlackElo "2403"]
[EventDate "2013.05.18"]
[PlyCount "79"]

1.e4 c5 2.Nf3 d6 3.d4 cxd4 4.Nxd4 Nf6 5.Nc3 e5 6.Bb5+ Bd7 7.Bxd7+ Qxd7 8.
Nde2 Qc6 9.Ng3 Nbd7 10.Bg5 g6 11.O-O Be7 12.Bxf6 Nxf6 13.Qd3 O-O 14.Rfd1 
Rfc8 15.Nf1 Qc4 16.Qf3 Rc5 17.Ne3 Qe6 18.Na4 Rc7 19.c4 Bf8 20.b3 Rac8 21.
Nc3 a6 22.Ncd5 Nxd5 23.Nxd5 Rc5 24.a4 Be7 25.Rd3 Bd8 26.Rad1 Kg7 27.h3 h6 
28.Qe3 Bg5 29.Qe1 Bd8 30.Qd2 Rb8 31.Qb4 Rc6 32.Qa3 Qe8 33.Qb2 Kg8 34.Nb4 
Rb6 35.Qc3 a5 36.Nc2 Qe6 37.Qd2 Qe8 38.Qxh6 Be7 39.Qd2 Qc6 40.Qxa5 1-0

[Event "11th Asia-ch - Manny Pacquiao Cup"]
[Site "Manila PHI"]
[Date "2013.05.25"]
[Round "8"]
[White "Al-Sayed, Mohamad Naser"]
[Black "Firmansyah, Farid"]
[Result "1/2-1/2"]
[WhiteElo "2502"]
[BlackElo "2369"]
[EventDate "2013.05.18"]
[PlyCount "106"]

1.d4 Nf6 2.c4 e6 3.Nc3 Bb4 4.e3 O-O 5.Bd3 d6 6.Ne2 Nbd7 7.O-O e5 8.a3 Bxc3
9.Nxc3 a5 10.b3 Re8 11.Bb2 e4 12.Bc2 Nf8 13.f3 exf3 14.Qxf3 Qe7 15.e4 Bg4 
16.Qf2 Bh5 17.Rae1 Bg6 18.h3 c6 19.a4 Ne6 20.Ba3 Qc7 21.d5 Nf8 22.Qd4 Rad8
23.Bb1 Rd7 24.Bb2 Rde7 25.c5 dxc5 26.Qxc5 N8d7 27.Qd4 Qe5 28.Qd2 Qd6 29.
Qc1 cxd5 30.Nb5 Qe6 31.Ba3 Qb6+ 32.Qe3 Re6 33.Qxb6 Rxb6 34.exd5 Rxe1 35.
Rxe1 Bxb1 36.Rxb1 Nxd5 37.Rc1 h6 38.Rc8+ Kh7 39.Rd8 N7f6 40.Rd6 Rxd6 41.
Nxd6 b6 42.Bb2 Nd7 43.Bd4 Nf4 44.Be3 Nd5 45.Bd4 Kg8 46.Kf2 g6 47.Kf3 f5 
48.g4 fxg4+ 49.hxg4 Kf8 50.Ke4 N5f6+ 51.Kf3 Nd5 52.Ke4 N5f6+ 53.Kf3 Nd5 
1/2-1/2

[Event "11th Asia-ch - Manny Pacquiao Cup"]
[Site "Manila PHI"]
[Date "2013.05.25"]
[Round "8"]
[White "Nouri, Hamed"]
[Black "Negi, Parimarjan"]
[Result "0-1"]
[WhiteElo "2368"]
[BlackElo "2651"]
[EventDate "2013.05.18"]
[PlyCount "70"]

1.Nf3 d5 2.c4 c6 3.b3 Bf5 4.Bb2 e6 5.g3 Nf6 6.Bg2 Nbd7 7.O-O Be7 8.d3 h6 
9.Nbd2 O-O 10.Ne5 Nxe5 11.Bxe5 a5 12.Rb1 Bh7 13.Nf3 c5 14.Nd2 Qd7 15.Bxf6 
Bxf6 16.cxd5 exd5 17.Rc1 Rac8 18.e4 b5 19.Re1 dxe4 20.Bxe4 Rfd8 21.a4 Bg5 
22.Ra1 f5 23.Bg2 Qxd3 24.Nf1 Qxd1 25.Raxd1 Rxd1 26.Rxd1 bxa4 27.bxa4 f4 
28.h4 Bf6 29.Bd5+ Kf8 30.Rc1 fxg3 31.fxg3 Bb2 32.Rc4 Bd4+ 33.Kg2 Bd3 34.
Rc1 c4 35.Rd1 c3 0-1

[Event "11th Asia-ch - Manny Pacquiao Cup"]
[Site "Manila PHI"]
[Date "2013.05.25"]
[Round "8"]
[White "Li Shilong"]
[Black "Bai Jinshi"]
[Result "0-1"]
[WhiteElo "2558"]
[BlackElo "2369"]
[EventDate "2013.05.18"]
[PlyCount "102"]

1.c4 e5 2.Nc3 Nc6 3.g3 g6 4.Bg2 Bg7 5.d3 d6 6.Nf3 Nge7 7.Rb1 O-O 8.O-O Nd4
9.b4 c6 10.b5 Bg4 11.bxc6 bxc6 12.Bg5 Bxf3 13.exf3 Qd7 14.Bd2 Ne6 15.Ne2 
Rab8 16.Qa4 Nf5 17.Bh3 Rb7 18.Bxf5 gxf5 19.Be3 Rfb8 20.Rb3 d5 21.Rxb7 Rxb7
22.cxd5 Qxd5 23.Kg2 Qxd3 24.Qxc6 Rb2 25.Nc3 Qxe3 26.Qa8+ Bf8 27.Nd1 Qd4 
28.Nxb2 Qxb2 29.Qxa7 Kg7 30.a4 Bc5 31.Qd7 e4 32.fxe4 fxe4 33.Qd1 e3 34.Qa1
Qxa1 35.Rxa1 e2 36.f4 Nd4 37.Re1 Kf6 38.Kf2 Kf5 39.Rb1 Ke4 40.a5 Kd3 41.a6
Nc2+ 42.Kf3 f5 43.g4 e1=Q 44.Rxe1 Nxe1+ 45.Kg3 Ke4 46.Kh4 Nf3+ 47.Kh5 fxg4
48.Kxg4 Nd4 49.Kg5 Nf5 50.Kg4 h6 51.h3 Bd4 0-1

[Event "11th Asia-ch - Manny Pacquiao Cup"]
[Site "Manila PHI"]
[Date "2013.05.25"]
[Round "8"]
[White "Antonio, Rogelio jr"]
[Black "Turqueza, Mari Joseph"]
[Result "1/2-1/2"]
[WhiteElo "2539"]
[BlackElo "2280"]
[EventDate "2013.05.18"]
[PlyCount "53"]

1.e4 c5 2.Nc3 d6 3.f4 g6 4.Nf3 Bg7 5.Bc4 e6 6.d4 cxd4 7.Nxd4 a6 8.O-O Nc6 
9.Nxc6 Qb6+ 10.Kh1 Qxc6 11.Bb3 Ne7 12.Qe1 b5 13.f5 exf5 14.exf5 Bb7 15.Qe2
Bxc3 16.fxg6 Be5 17.gxf7+ Kd7 18.Bh6 Ng6 19.Rae1 Kc7 20.c4 Rac8 21.cxb5 
Qxb5 22.Rc1+ Kb8 23.Rxc8+ Rxc8 24.Qxb5 axb5 25.f8=Q Nxf8 26.Rxf8 Bxb2 27.
Kg1 1/2-1/2

[Event "11th Asia-ch - Manny Pacquiao Cup"]
[Site "Manila PHI"]
[Date "2013.05.25"]
[Round "8"]
[White "Mu Ke"]
[Black "Nolte, Rolando"]
[Result "1/2-1/2"]
[WhiteElo "2297"]
[BlackElo "2453"]
[EventDate "2013.05.18"]
[PlyCount "87"]

1.c4 Nf6 2.Nc3 e5 3.Nf3 Nc6 4.g3 Bb4 5.Bg2 O-O 6.O-O e4 7.Ng5 Bxc3 8.bxc3 
Re8 9.f3 e3 10.d4 Na5 11.Qd3 d5 12.Bxe3 h6 13.Nh3 Qe7 14.Bf4 dxc4 15.Qd2 
Qxe2 16.Qxe2 Rxe2 17.Bxc7 Bxh3 18.Bxh3 Nc6 19.Rfc1 Nd5 20.Bf1 Rb2 21.Bd6 
Na5 22.Ba3 Rd2 23.Bb4 Nc6 24.Bc5 Ne3 25.Bh3 Rd8 26.d5 Nxd5 27.f4 Re8 28.
Bf1 b6 29.Bf2 Na5 30.Bd4 Nc7 31.Rd1 Rxd1 32.Rxd1 Rd8 33.Rb1 Nd5 34.Re1 Kf8
35.Kf2 Nc7 36.Be5 Na6 37.Bd4 Nb8 38.Re4 Nbc6 39.Be3 Re8 40.Kf3 Rc8 41.g4 
Ne7 42.Bd4 Nec6 43.Be3 Ne7 44.Bd4 1/2-1/2

[Event "11th Asia-ch - Manny Pacquiao Cup"]
[Site "Manila PHI"]
[Date "2013.05.25"]
[Round "8"]
[White "Goh Wei Ming, Kevin"]
[Black "Bancod, Ronald"]
[Result "0-1"]
[WhiteElo "2449"]
[BlackElo "2290"]
[EventDate "2013.05.18"]
[PlyCount "62"]

1.e4 g6 2.d4 Bg7 3.Nc3 d6 4.f4 Nf6 5.Nf3 O-O 6.e5 dxe5 7.fxe5 Nd5 8.Bd3 
Nxc3 9.bxc3 c5 10.h4 Nc6 11.h5 cxd4 12.hxg6 hxg6 13.Qd2 Bg4 14.e6 Qd6 15.
Kf2 Bxf3 16.gxf3 Qxe6 17.Qg5 Qf6 18.Qg3 dxc3 19.Bg5 Qd6 20.Qh3 Rfd8 21.Kg2
Qe5 22.f4 Qd5+ 23.Kf1 Kf8 24.Re1 e6 25.f5 exf5 26.Rg1 Ne5 27.Re3 Ng4 28.
Reg3 Qxa2 29.Bxd8 Rxd8 30.Rxg4 fxg4 31.Qxg4 Bd4 0-1

[Event "11th Asia-ch - Manny Pacquiao Cup"]
[Site "Manila PHI"]
[Date "2013.05.25"]
[Round "8"]
[White "Garma, Chito"]
[Black "Garcia, Jan Emmanuel"]
[Result "1-0"]
[WhiteElo "2318"]
[BlackElo "2401"]
[EventDate "2013.05.18"]
[PlyCount "93"]

1.e4 c5 2.Nf3 g6 3.d4 Bg7 4.dxc5 Qa5+ 5.c3 Qxc5 6.Be3 Qc7 7.Bd4 e5 8.Be3 
Nf6 9.Na3 Ng4 10.Nb5 Qc6 11.Nd6+ Ke7 12.Nc4 d6 13.Be2 Be6 14.Nfd2 Nxe3 15.
Nxe3 Nd7 16.O-O Nf6 17.c4 Qb6 18.a4 Bh6 19.Ra3 Qxb2 20.Rb3 Qd4 21.Rxb7+ 
Nd7 22.Bg4 Bxe3 23.fxe3 Qxe3+ 24.Kh1 Rhb8 25.Bxe6 fxe6 26.Rc7 Rc8 27.c5 
Rxc7 28.cxd6+ Kd8 29.dxc7+ Kxc7 30.Rf7 Rd8 31.Qc2+ Kb8 32.h3 Rc8 33.Qb2+ 
Qb6 34.Nb3 Rc7 35.Rxh7 a6 36.Kh2 Ka7 37.Qd2 Qxb3 38.Rxd7 Rxd7 39.Qxd7+ Kb6
40.Qe8 Kc5 41.Qxg6 Qe3 42.h4 Qf4+ 43.Kh3 Qe3+ 44.g3 Qf3 45.h5 Kd4 46.h6 
Ke3 47.Kh4 1-0

[Event "11th Asia-ch - Manny Pacquiao Cup"]
[Site "Manila PHI"]
[Date "2013.05.25"]
[Round "8"]
[White "Luthfi Ali, Muhammad"]
[Black "Nadera, Barlo"]
[Result "1-0"]
[WhiteElo "2246"]
[BlackElo "2388"]
[EventDate "2013.05.18"]
[PlyCount "93"]

1.e4 e6 2.d4 d5 3.Nc3 Bb4 4.e5 b6 5.a3 Bf8 6.Nf3 h6 7.Bd3 a6 8.Ne2 c5 9.c4
dxc4 10.Be4 Ra7 11.Be3 Rd7 12.Qc2 b5 13.O-O Qc7 14.a4 Nc6 15.axb5 axb5 16.
Nc3 Qb6 17.Ra8 Rd8 18.Rd1 Nb4 19.dxc5 Bxc5 20.Bxc5 Qxc5 21.Rxd8+ Kxd8 22.
Qd2+ Nd5 23.Bxd5 exd5 24.Nxd5 Ne7 25.Nb4+ Kc7 26.Na6+ Bxa6 27.Rxh8 Nc6 28.
Qf4 Kb6 29.h3 b4 30.Qxf7 c3 31.bxc3 Qxc3 32.e6 b3 33.e7 b2 34.e8=Q b1=Q+ 
35.Kh2 Qbc2 36.Qe3+ Qxe3 37.fxe3 Qc3 38.Qe6 Bb7 39.Nd4 Qd2 40.Qb3+ Nb4 41.
Qe6+ Nc6 42.Rb8 Qc3 43.Nxc6 Qxc6 44.Qxc6+ Kxc6 45.Rg8 Kd6 46.Rxg7 Be4 47.
Rg4 1-0

[Event "11th Asia-ch - Manny Pacquiao Cup"]
[Site "Manila PHI"]
[Date "2013.05.25"]
[Round "8"]
[White "Dimakiling, Oliver"]
[Black "Abelgas, Roel"]
[Result "0-1"]
[WhiteElo "2384"]
[BlackElo "2269"]
[EventDate "2013.05.18"]
[PlyCount "132"]

1.Nf3 d5 2.g3 Nf6 3.Bg2 g6 4.O-O Bg7 5.d3 O-O 6.Nbd2 c5 7.e4 Nc6 8.Qe2 b6 
9.exd5 Nxd5 10.c3 Bb7 11.Nc4 Qc7 12.a4 Rad8 13.Re1 e5 14.Bg5 f6 15.Bd2 
Rfe8 16.Qd1 Qf7 17.a5 b5 18.a6 bxc4 19.dxc4 Nxc3 20.bxc3 Ba8 21.Qe2 e4 22.
Nh4 Ne5 23.Be3 f5 24.Bg5 Rc8 25.Qd2 Nxc4 26.Qc1 Ne5 27.Rd1 Nd3 28.Qd2 Qb3 
29.Rdc1 Nxc1 30.Rxc1 Qd5 31.Qf4 Be5 32.Qe3 Bg7 33.Bf1 c4 34.Ng2 Qc5 35.Qd2
e3 36.Bxe3 Qc6 37.Qa2 Re6 38.Ra1 Re7 39.Rd1 Qf3 40.Qa4 Kh8 41.Qc2 Re6 42.
Qd2 Rce8 43.Bxa7 Rxa6 44.Bd4 Rae6 45.h4 f4 46.gxf4 Qg4 47.Ra1 Bxg2 48.Bxg2
Bxd4 49.Qxd4+ Kg8 50.Qxc4 Kg7 51.Qd4+ Kh6 52.Kf1 Re2 53.h5 Qxh5 54.Qd3 Rb2
55.Kg1 Qh4 56.Qd4 Rd8 57.Qe3 Rd3 58.Qc5 Qxf4 59.Rf1 Rdd2 60.c4 Rbc2 61.Bd5
Re2 62.Qa3 Rxf2 63.Qh3+ Kg5 64.Re1 Rc3 65.Qxh7 Rg3+ 66.Kh1 Rf1+ 0-1

[Event "11th Asia-ch - Manny Pacquiao Cup"]
[Site "Manila PHI"]
[Date "2013.05.25"]
[Round "8"]
[White "Donguines, Fernie"]
[Black "Docena, Jerad"]
[Result "0-1"]
[WhiteElo "2372"]
[BlackElo "2055"]
[EventDate "2013.05.18"]
[PlyCount "102"]

1.d4 Nf6 2.Nc3 d5 3.Bg5 Nbd7 4.Nf3 c5 5.e3 e6 6.Ne5 Be7 7.f4 a6 8.Qf3 Qc7 
9.Be2 b5 10.O-O Bb7 11.Kh1 Rc8 12.a3 h5 13.Qh3 g6 14.Qh4 Qd8 15.Qh3 Nh7 
16.Bxe7 Qxe7 17.Bd3 Nhf8 18.Rae1 Nf6 19.dxc5 Rxc5 20.Ne2 Ne4 21.Nd4 f6 22.
b4 fxe5 23.bxc5 exd4 24.exd4 Nd7 25.Bxe4 dxe4 26.Qc3 Bd5 27.a4 O-O 28.Qa5 
Bc4 29.Rf2 Nf6 30.h3 Qb7 31.axb5 axb5 32.Qc3 Kh7 33.Qg3 Qd5 34.c3 Ra8 35.
Kh2 Qf5 36.Qh4 Kg7 37.Re3 Rh8 38.Kg1 Nd5 39.Re1 e3 40.Rf3 Qf6 41.Qg3 h4 
42.Qg4 e2 43.Kf2 b4 44.Ra1 bxc3 45.Ra7+ Kh6 46.Qg5+ Qxg5 47.fxg5+ Kxg5 48.
Ra4 Bb5 49.Ra5 c2 50.Ra1 Nb4 51.Ke3 Ra8 0-1

[Event "11th Asia-ch - Manny Pacquiao Cup"]
[Site "Manila PHI"]
[Date "2013.05.25"]
[Round "8"]
[White "Nguyen Djuc Hoa"]
[Black "Emperado, Emmanuel"]
[Result "1/2-1/2"]
[WhiteElo "2503"]
[BlackElo "2313"]
[EventDate "2013.05.18"]
[PlyCount "90"]

1.d4 Nf6 2.c4 e6 3.Nf3 d5 4.g3 dxc4 5.Bg2 a6 6.O-O Nc6 7.Bg5 Be7 8.e3 Bd7 
9.Qe2 b5 10.b3 cxb3 11.axb3 O-O 12.Rc1 Nd5 13.Bxe7 Qxe7 14.Nc3 Ndb4 15.Na2
Nxa2 16.Qxa2 Nb4 17.Qa5 Nc6 18.Qd2 Ra7 19.Rc5 Rc8 20.Qc3 Nd8 21.Ne5 Be8 
22.b4 h6 23.h4 f6 24.Nc6 Nxc6 25.Bxc6 Bxc6 26.Rxc6 Qd7 27.Rcxa6 Rxa6 28.
Rxa6 Qd5 29.Rc6 Ra8 30.Rxc7 Ra2 31.Rc8+ Kf7 32.Qc1 Qf5 33.Qe1 Rb2 34.Rc7+ 
Kg8 35.e4 Qg4 36.Rc8+ Kf7 37.Rc7+ Kg8 38.Rc8+ Kf7 39.d5 exd5 40.Rc7+ Kg8 
41.exd5 Re2 42.Rc8+ Kf7 43.Rc7+ Kg8 44.Rc8+ Kf7 45.Rc7+ Kg8 1/2-1/2

[Event "11th Asia-ch - Manny Pacquiao Cup"]
[Site "Manila PHI"]
[Date "2013.05.25"]
[Round "8"]
[White "Rudin, Hamdani"]
[Black "Gombosuren, Munkhgal"]
[Result "1-0"]
[WhiteElo "2341"]
[BlackElo "2427"]
[EventDate "2013.05.18"]
[PlyCount "73"]

1.e4 e6 2.d4 d5 3.Nc3 Nf6 4.e5 Nfd7 5.f4 c5 6.Nf3 Nc6 7.Be3 Be7 8.Qd2 O-O 
9.a3 b6 10.g3 Bb7 11.Bh3 Rc8 12.O-O cxd4 13.Nxd4 Nxd4 14.Bxd4 Rc4 15.Ne2 
Nc5 16.Rac1 Ra4 17.Rfd1 Ba6 18.Qe3 Bxe2 19.Qxe2 Qc7 20.b4 Rxa3 21.bxc5 
bxc5 22.Bf2 g6 23.c4 d4 24.Ra1 Rxa1 25.Rxa1 Rb8 26.Qa2 d3 27.Bf1 Rd8 28.
Rd1 g5 29.Rxd3 gxf4 30.gxf4 a5 31.Be1 Rd4 32.Rxd4 cxd4 33.Bxa5 Qa7 34.Bd3 
Kh8 35.Qe2 Qxa5 36.Qe4 Qa1+ 37.Kg2 1-0